[Event "Regional Sudeste 2011"]
[Site "Sao Paulo"]
[Date "2011.09.22"]
[Round "2.10"]
[White "Madeira, Wagner Martins"]
[Black "Delai, Paula Fernanda"]
[Result "0-1"]
[WhiteElo "2241"]
[BlackElo "2026"]
[PlyCount "78"]
[EventDate "2011.09.22"]

1. e4 c5 2. Nf3 g6 3. d4 Bg7 4. Nc3 cxd4 5. Nxd4 Nc6 6. Nde2 Nf6 7. g3 d6 8.
Bg2 O-O 9. O-O Rb8 10. Nd5 Nxd5 11. exd5 Ne5 12. h3 Qb6 13. c3 Bd7 14. Nd4 Rbc8
15. Qb3 Qxb3 16. axb3 a6 17. Rd1 Be8 18. Be3 h6 19. Bf1 Kh7 20. f4 Nd7 21. b4
Bf6 22. b5 axb5 23. Nxb5 Nc5 24. Ra7 Bd7 25. Rda1 Bf5 26. b4 Ne4 27. Bd4 Bxd4+
28. cxd4 Nxg3 29. Rxb7 Nxf1 30. Kxf1 Bxh3+ 31. Kf2 Rb8 32. Raa7 Kg7 33. Nc7 Bf5
34. Ke3 h5 35. b5 h4 36. b6 h3 37. Kf3 h2 38. Kg2 Rxb7 39. Rxb7 Rh8 0-1

[Event "Regional Sudeste 2011"]
[Site "Sao Paulo"]
[Date "2011.09.22"]
[Round "2.11"]
[White "Campelo, Leandro Fabricio"]
[Black "Guimaraes, Artemis Pamela"]
[Result "1-0"]
[WhiteElo "2230"]
[BlackElo "2016"]
[PlyCount "51"]
[EventDate "2011.09.22"]

1. e4 e5 2. Nf3 Nc6 3. Bb5 Nf6 4. d3 Bc5 5. c3 O-O 6. O-O d5 7. Nbd2 Re8 8. h3
Bd7 9. exd5 Nxd5 10. Ne4 Bf8 11. Bc4 Bf5 12. a4 Qd7 13. Nh4 Nb6 14. Nxf5 Qxf5
15. Bb3 Rad8 16. f4 Nd5 17. fxe5 Qxe5 18. Qf3 Rd7 19. Bd2 Nd8 20. Rae1 Be7 21.
d4 Qe6 22. Nc5 Bxc5 23. Rxe6 fxe6 24. dxc5 Nf6 25. Bg5 Rf7 26. Qe2 1-0

[Event "Regional Sudeste 2011"]
[Site "Sao Paulo"]
[Date "2011.09.22"]
[Round "2.13"]
[White "Ferreira, Jonas De Vargas"]
[Black "Feliciano Ebert, Vanessa"]
[Result "0-1"]
[WhiteElo "1794"]
[BlackElo "2173"]
[PlyCount "56"]
[EventDate "2011.09.22"]

1. e4 c5 2. Nf3 Nc6 3. d4 cxd4 4. Nxd4 Nf6 5. Nc3 e5 6. Ndb5 d6 7. Bg5 a6 8.
Na3 b5 9. Bxf6 gxf6 10. Nd5 f5 11. exf5 Bxf5 12. Qf3 Nd4 13. Nc7+ Qxc7 14.
Qxa8+ Ke7 15. c3 b4 16. cxb4 Qb6 17. Bxa6 Qxb4+ 18. Kf1 Bh6 19. Qb7+ Qxb7 20.
Bxb7 Rb8 21. Ba6 Rxb2 22. h3 d5 23. g4 Be4 24. Rg1 Bf4 25. Rg2 Bf3 26. Rg1 e4
27. Nb1 Nc2 28. Nc3 Nxa1 0-1

[Event "Regional Sudeste 2011"]
[Site "Sao Paulo"]
[Date "2011.09.22"]
[Round "2.14"]
[White "Tsuboi, Edson Kenji"]
[Black "Poeta, Caio Medeiros"]
[Result "1-0"]
[WhiteElo "2350"]
[BlackElo "1895"]
[PlyCount "71"]
[EventDate "2011.09.22"]

1. c4 Nf6 2. g3 g6 3. Bg2 c5 4. Nc3 Bg7 5. Nf3 Nc6 6. d4 cxd4 7. Nxd4 O-O 8.
O-O Qb6 9. Nb3 d6 10. Be3 Qd8 11. h3 Be6 12. Nd5 Qd7 13. Kh2 Rac8 14. f4 b6 15.
Rc1 Ne8 16. Qd2 f5 17. Nd4 Nxd4 18. Bxd4 Nf6 19. Bxf6 Bxf6 20. Rfe1 Bxd5 21.
Bxd5+ Kg7 22. Bf3 e5 23. e3 e4 24. Be2 Rfd8 25. Red1 Qf7 26. b3 d5 27. cxd5
Rxc1 28. Qxc1 Rxd5 29. Bc4 Rxd1 30. Qxd1 Qe7 31. g4 Qa3 32. g5 Bxg5 33. fxg5
Qxa2+ 34. Kg1 Qa3 35. Qd7+ Kf8 36. Qf7# 1-0

[Event "Regional Sudeste 2011"]
[Site "Sao Paulo"]
[Date "2011.09.22"]
[Round "2.15"]
[White "Medeiros, Thauane Ferreira"]
[Black "Marra, Eduardo Da Costa"]
[Result "0-1"]
[WhiteElo "1808"]
[BlackElo "2293"]
[PlyCount "76"]
[EventDate "2011.09.22"]

1. d4 Nf6 2. c4 e6 3. g3 d5 4. Bg2 Be7 5. Nc3 O-O 6. Bg5 dxc4 7. e4 Nc6 8. e5
Nd5 9. Bxe7 Ncxe7 10. Qe2 Nb4 11. Nf3 Nd3+ 12. Kf1 Rb8 13. b3 b5 14. Nxb5 cxb3
15. axb3 Rxb5 16. Qxd3 Rb4 17. Rxa7 Bd7 18. Kg1 Bb5 19. Qc2 Nd5 20. h3 h6 21.
Kh2 Qb8 22. Rha1 Qb6 23. Ra8 Rb8 24. Qc5 Be8 25. Qxb6 R4xb6 26. Nd2 Kf8 27.
R8a7 R8b7 28. Nc4 Rxb3 29. Ra8 Rb8 30. R8a7 R3b4 31. Bxd5 exd5 32. Ne3 Rxd4 33.
Rxc7 Rd2 34. Kg1 Rbb2 35. Nd1 Rb4 36. Rac1 Re4 37. Nc3 Rxe5 38. Nd1 Re1+ 0-1

[Event "Regional Sudeste 2011"]
[Site "Sao Paulo"]
[Date "2011.09.22"]
[Round "2.18"]
[White "Costa, Giovanni"]
[Black "Rodrigues, Nei Jorge"]
[Result "1-0"]
[WhiteElo "1898"]
[BlackElo "2043"]
[PlyCount "77"]
[EventDate "2011.09.22"]

1. d4 Nf6 2. Nf3 g6 3. Bg5 Bg7 4. Nbd2 d6 5. e4 Nbd7 6. c3 O-O 7. Bc4 c6 8. O-O
Qc7 9. Re1 e5 10. Qc2 a5 11. Rad1 h6 12. Bxf6 Bxf6 13. dxe5 dxe5 14. Nf1 Nc5
15. Ne3 b5 16. Bf1 Be6 17. c4 b4 18. b3 a4 19. Nd5 cxd5 20. cxd5 axb3 21. axb3
Bg4 22. Rc1 Rfc8 23. h3 Bxf3 24. gxf3 Bg5 25. Ra1 Qb6 26. Rxa8 Rxa8 27. Rd1 Ra3
28. d6 Rxb3 29. Bc4 Rxf3 30. Rd5 Nxe4 31. Rxe5 Nxf2 32. Qxg6+ Kf8 33. Re8+ Kxe8
34. d7+ Kxd7 35. Qxb6 Rf4 36. Qb5+ Kd8 37. Qxb4 Nxh3+ 38. Kg2 Rh4 39. Qd6+ 1-0

[Event "Regional Sudeste 2011"]
[Site "Sao Paulo"]
[Date "2011.09.22"]
[Round "2.19"]
[White "Goncalves, Jorge Roberto"]
[Black "Branchini, Fernando Luis Sakam"]
[Result "1/2-1/2"]
[WhiteElo "2042"]
[BlackElo "1953"]
[PlyCount "104"]
[EventDate "2011.09.22"]

1. d4 Nf6 2. e3 e6 3. Bd3 d6 4. f4 c5 5. Nf3 Nc6 6. c3 g6 7. O-O Bg7 8. Nbd2
O-O 9. Qe1 Re8 10. Qh4 cxd4 11. exd4 Nd5 12. Ne4 f5 13. Qxd8 Rxd8 14. Nf2 Nf6
15. Re1 d5 16. b3 Ne4 17. Bxe4 dxe4 18. Ne5 Ne7 19. g3 Nd5 20. Nd1 Bd7 21. Bd2
Bf8 22. a3 a5 23. c4 Nc7 24. Ne3 a4 25. b4 b5 26. Rec1 Be8 27. Bc3 bxc4 28. Bb2
Nb5 29. Rxc4 Nd6 30. Rc2 Nb5 31. Rd1 Rac8 32. Rxc8 Rxc8 33. N5c4 Bg7 34. Kf2
Rd8 35. Ne5 Bxe5 36. fxe5 Bc6 37. Rc1 Bb7 38. Rc4 Rc8 39. Rxc8+ Bxc8 40. d5
exd5 41. Nxd5 Be6 42. Nb6 Bb3 43. Nd7 Kf7 44. Nc5 Nc7 45. Nxb3 axb3 46. a4 Ke6
47. b5 Kd7 48. h4 h6 49. Ke3 Nd5+ 50. Kd4 e3 51. Kd3 g5 52. hxg5 hxg5 1/2-1/2

[Event "Regional Sudeste 2011"]
[Site "Sao Paulo"]
[Date "2011.09.22"]
[Round "2.20"]
[White "Caldeira, Adriano"]
[Black "Cruz, Arquias Sofocles Gu"]
[Result "1-0"]
[WhiteElo "2239"]
[BlackElo "1810"]
[PlyCount "55"]
[EventDate "2011.09.22"]

1. e4 e5 2. Nf3 Nc6 3. Bc4 Nf6 4. Ng5 d5 5. exd5 Na5 6. Bb5+ c6 7. dxc6 bxc6 8.
Be2 h6 9. Nh3 Bd6 10. O-O O-O 11. d3 Qc7 12. Nd2 Rd8 13. Kh1 Bf5 14. g4 Bg6 15.
Bf3 Nd5 16. Ne4 f5 17. Nxd6 Qxd6 18. Rg1 f4 19. Qe2 Qe6 20. Nxf4 Nxf4 21. Bxf4
Re8 22. Rae1 Qxa2 23. Bxe5 Re6 24. Ra1 Rxe5 25. Qxe5 Qf7 26. Rg3 Nb7 27. Bxc6
Rd8 28. Rf1 1-0

[Event "Regional Sudeste 2011"]
[Site "Sao Paulo"]
[Date "2011.09.22"]
[Round "2.21"]
[White "Braga, Marcelo Melem"]
[Black "Borges, Guilherme Deola"]
[Result "0-1"]
[WhiteElo "1757"]
[BlackElo "2176"]
[PlyCount "88"]
[EventDate "2011.09.22"]

1. d4 Nf6 2. c4 c5 3. d5 d6 4. h3 g6 5. Nc3 Bg7 6. Bg5 O-O 7. Bxf6 Bxf6 8. e3
a6 9. Qc2 b5 10. cxb5 axb5 11. Bxb5 Qa5 12. Nge2 Ba6 13. Bxa6 Nxa6 14. O-O Nb4
15. Qd2 Rfb8 16. Ne4 Nxa2 17. Nxf6+ exf6 18. Qxa5 Rxa5 19. Rfb1 Rba8 20. Kf1 f5
21. Ke1 Nb4 22. Rxa5 Rxa5 23. Nc3 c4 24. Kd2 Nxd5 25. Nxd5 Rxd5+ 26. Kc2 Rb5
27. Kc3 d5 28. b3 Kf8 29. Rb2 Rxb3+ 30. Rxb3 cxb3 31. Kxb3 Ke7 32. f4 f6 33.
Kc3 g5 34. g3 h5 35. Kd4 h4 36. gxh4 g4 37. hxg4 fxg4 38. Kd3 Kf7 39. f5 Ke7
40. h5 Kf7 41. h6 Kg8 42. e4 g3 43. Ke3 dxe4 44. Ke2 Kh7 0-1

[Event "Regional Sudeste 2011"]
[Site "Sao Paulo"]
[Date "2011.09.22"]
[Round "2.22"]
[White "Deus Filho, Joaquim De"]
[Black "De Oliveira, Francemir Barra"]
[Result "1-0"]
[WhiteElo "2105"]
[BlackElo "1796"]
[PlyCount "73"]
[EventDate "2011.09.22"]

1. e4 e5 2. Bc4 Be7 3. d4 d6 4. Nf3 Nc6 5. h3 Nf6 6. Nc3 a6 7. a4 Bd7 8. O-O
O-O 9. Be3 Qc8 10. Kh2 Rb8 11. Qe2 Kh8 12. Rad1 Ng8 13. Nd5 Bd8 14. dxe5 dxe5
15. Bc5 Re8 16. Rd2 Be6 17. Be3 h6 18. Rfd1 Nf6 19. Nxf6 Bxf6 20. c3 Rd8 21.
Rxd8+ Bxd8 22. Nd2 Bf6 23. b4 Qg8 24. b5 axb5 25. axb5 Ne7 26. Bxe6 fxe6 27.
Qc4 c6 28. Nb3 Ng6 29. bxc6 Qf7 30. Bc5 Nf4 31. g3 Nxh3 32. Qe2 Ng5 33. Kg2 Rf8
34. Bxf8 Qxf8 35. Rd7 Qc8 36. Nc5 Bd8 37. Rxb7 1-0

[Event "Regional Sudeste 2011"]
[Site "Sao Paulo"]
[Date "2011.09.22"]
[Round "2.23"]
[White "Dias, Joao Batista"]
[Black "Correa, Ariane Miranda"]
[Result "0-1"]
[WhiteElo "2023"]
[BlackElo "1795"]
[PlyCount "82"]
[EventDate "2011.09.22"]

1. e4 c5 2. f4 d5 3. exd5 Qxd5 4. Nc3 Qd6 5. Qf3 Nf6 6. Nb5 Qb6 7. b3 a6 8. Na3
e6 9. Bb2 Be7 10. Nh3 Nc6 11. g4 Nd4 12. Qg2 Bd7 13. Bxd4 Bc6 14. Qe2 Bxh1 15.
Bb2 Qc6 16. g5 Bf3 17. Qf2 Qe4+ 18. Qe3 Ng4 19. Qxe4 Bxe4 20. Bxg7 Rg8 21. Bc3
Nxh2 22. Be2 h6 23. O-O-O hxg5 24. fxg5 Bxg5 25. Nxg5 Rxg5 26. Nc4 Bd5 27. Nb6
Rb8 28. Nxd5 exd5 29. Rh1 Rg2 30. Bd3 d4 31. Ba5 b6 32. Be4 Rf2 33. Rg1 Ke7 34.
Rg5 bxa5 35. Rxc5 Rf1+ 36. Kb2 a4 37. Re5+ Kd6 38. Rd5+ Ke6 39. Rxd4 axb3 40.
axb3 Nf3 41. Rd3 Ne5 0-1

[Event "Regional Sudeste 2011"]
[Site "Sao Paulo"]
[Date "2011.09.22"]
[Round "2.25"]
[White "Dos Santos, Lucas Aparecido"]
[Black "Severo Da Silva, Fernando Henrique"]
[Result "1-0"]
[WhiteElo "1999"]
[BlackElo "1788"]
[PlyCount "59"]
[EventDate "2011.09.22"]

1. e4 e5 2. Nf3 Nc6 3. Bb5 Bc5 4. O-O d6 5. d4 exd4 6. Nxd4 Bxd4 7. Qxd4 Qf6 8.
Qa4 Bd7 9. Nc3 Nge7 10. Be3 a6 11. Nd5 Nxd5 12. exd5 Ne5 13. Bxd7+ Nxd7 14. Bd4
Qg6 15. Qb3 O-O-O 16. c4 f6 17. Rac1 Rhe8 18. Be3 Qf5 19. Rfd1 Re4 20. Qa3 Rde8
21. b4 Kd8 22. b5 Ke7 23. bxa6 Ra8 24. a7 b6 25. Qa6 Nc5 26. Bxc5 dxc5 27. Qb7
Qc8 28. d6+ Kf7 29. Qxc8 Rxc8 30. d7 1-0

[Event "Regional Sudeste 2011"]
[Site "Sao Paulo"]
[Date "2011.09.22"]
[Round "2.27"]
[White "Benitez, Ed Carlos Leite Luq"]
[Black "Leite, Tarcisio Dantas Fro"]
[Result "1-0"]
[WhiteElo "1974"]
[BlackElo "1706"]
[PlyCount "49"]
[EventDate "2011.09.22"]

1. e4 e6 2. d4 d5 3. Nc3 Nf6 4. e5 Nfd7 5. f4 c5 6. Nf3 Nc6 7. Be3 a6 8. Qd2 f5
9. exf6 gxf6 10. O-O-O cxd4 11. Nxd4 Nb6 12. Qf2 Nxd4 13. Bxd4 Nd7 14. Be2 Bd6
15. Bh5+ Kf8 16. Rhe1 Nb8 17. Nxd5 exd5 18. Re8+ Qxe8 19. Bxe8 Kxe8 20. Bxf6
Rg8 21. Rxd5 Bc7 22. Qe3+ Kf7 23. Qe7+ Kg6 24. Rg5+ Kh6 25. Bg7+ 1-0

[Event "Regional Sudeste 2011"]
[Site "Sao Paulo"]
[Date "2011.09.22"]
[Round "2.28"]
[White "Silva, Igor Dos Santos"]
[Black "Alves, Sidney David"]
[Result "1-0"]
[WhiteElo "1946"]
[BlackElo "1534"]
[PlyCount "87"]
[EventDate "2011.09.22"]

1. d4 Nf6 2. c4 g6 3. Nc3 d5 4. Bf4 Bg7 5. e3 O-O 6. Nf3 Bg4 7. Qb3 Bxf3 8.
gxf3 Nc6 9. Qxb7 Na5 10. Qxc7 Qxc7 11. Bxc7 Nxc4 12. Bxc4 dxc4 13. Rc1 Rfc8 14.
Be5 a6 15. Bxf6 Bxf6 16. Nd5 Rab8 17. Rc2 Kg7 18. Kd2 Bg5 19. Ke2 e6 20. Nc3
Be7 21. Rhc1 Bd6 22. h3 Bb4 23. Na4 c3 24. Nxc3 Bxc3 25. bxc3 Rb5 26. Kd3 Rh5
27. Rh1 Rf5 28. f4 g5 29. Rg1 h6 30. h4 f6 31. Rb2 Ra5 32. hxg5 fxg5 33. fxg5
hxg5 34. f4 Kg6 35. Rbg2 Ra3 36. Rc2 Ra5 37. c4 Ra3+ 38. Ke4 Ra5 39. c5 Rf8 40.
Rxg5+ Kf6 41. c6 Rxg5 42. fxg5+ Kxg5 43. c7 Rc8 44. Ke5 1-0

[Event "Regional Sudeste 2011"]
[Site "Sao Paulo"]
[Date "2011.09.22"]
[Round "3.1"]
[White "Abdalla, Luiz Guilherme Aurel"]
[Black "El Debs, Felipe De Cresce"]
[Result "0-1"]
[WhiteElo "2241"]
[BlackElo "2478"]
[PlyCount "94"]
[EventDate "2011.09.22"]

1. d4 d5 2. c4 c6 3. Nf3 Nf6 4. e3 Bf5 5. Nc3 e6 6. Nh4 Be4 7. Qb3 Qc7 8. f3
Bg6 9. Bd2 Be7 10. g3 O-O 11. Rc1 dxc4 12. Bxc4 b5 13. Be2 a6 14. a4 b4 15. Nd1
c5 16. Nxg6 hxg6 17. Qxb4 Nbd7 18. Qa5 Qa7 19. O-O cxd4 20. Rc6 Qb7 21. Rxa6
Nc5 22. Rxa8 Rxa8 23. Qb5 Qa7 24. exd4 Nxa4 25. Bc3 Nd5 26. Qd3 Bf6 27. Nf2 Qb7
28. Ra1 Naxc3 29. Rxa8+ Qxa8 30. bxc3 Qa1+ 31. Kg2 Nxc3 32. Ne4 Nd5 33. Nxf6+
gxf6 34. Qd2 Qa3 35. Kf2 f5 36. Bc4 Nc3 37. Bf1 Qb3 38. Be2 Kg7 39. Kf1 Nd5 40.
Kf2 Nb4 41. Kg1 Nc6 42. Qd3 Qd5 43. Qc4 Nxd4 44. Kf2 Qe5 45. Bf1 f4 46. Qd3 Nf5
47. g4 Qc5+ 0-1

[Event "Regional Sudeste 2011"]
[Site "Sao Paulo"]
[Date "2011.09.22"]
[Round "3.2"]
[White "Molina, Roberto Junio Brito"]
[Black "Campelo, Leandro Fabricio"]
[Result "1/2-1/2"]
[WhiteElo "2419"]
[BlackElo "2230"]
[PlyCount "158"]
[EventDate "2011.09.22"]

1. d4 Nf6 2. c4 g6 3. Nc3 Bg7 4. e4 d6 5. Nf3 O-O 6. Be2 e5 7. O-O Nc6 8. d5
Ne7 9. b4 Nh5 10. Re1 f5 11. Ng5 Nf6 12. Bf3 c6 13. Bb2 h6 14. Ne6 Bxe6 15.
dxe6 Nc8 16. b5 Qc7 17. bxc6 bxc6 18. Qc2 f4 19. c5 Re8 20. Rac1 Kh7 21. Na4
Rxe6 22. cxd6 Qxd6 23. Red1 Qe7 24. Nc5 Rd6 25. Nd3 Nd7 26. Ba3 c5 27. Nxc5
Rxd1+ 28. Qxd1 Ncb6 29. Rc3 Nxc5 30. Bxc5 Qe8 31. Rc1 Rd8 32. Qb3 Rc8 33. Ba3
Rxc1+ 34. Bxc1 Qc6 35. Ba3 h5 36. g3 Nc4 37. Qc2 Qe6 38. Bc5 a6 39. Be2 Nd6 40.
Bd3 Nb5 41. Qb3 Qg4 42. a4 Nd4 43. Bxd4 exd4 44. Bxa6 fxg3 45. hxg3 Qxe4 46.
Bd3 Qg4 47. Kg2 h4 48. Qf7 hxg3 49. fxg3 Qg5 50. Qf4 Qxf4 51. gxf4 Bf8 52. a5
Kg7 53. a6 Bc5 54. Kf3 Kf6 55. Ke4 Bb6 56. Kd5 Ba7 57. Ke4 Bb6 58. Be2 Ba7 59.
Bg4 Bb6 60. Kd5 Ba7 61. Bh3 Bb6 62. Kc6 Ba7 63. Bg4 Ke7 64. Kb5 Kf6 65. Kc4 Bb6
66. Kb4 Ba7 67. Kb5 Ke7 68. Kc6 Kf6 69. Bh3 Ke7 70. Kd5 Kf6 71. Ke4 Bb6 72. Bf1
Ba7 73. Be2 Bb6 74. Bd3 Ba7 75. Kd5 Bb6 76. Bc2 Ba7 77. Bb1 Bb6 78. Bd3 Ba7 79.
Kd6 g5 1/2-1/2

[Event "Regional Sudeste 2011"]
[Site "Sao Paulo"]
[Date "2011.09.22"]
[Round "3.3"]
[White "Feliciano Ebert, Vanessa"]
[Black "Barbosa, Evandro Amorim"]
[Result "0-1"]
[WhiteElo "2173"]
[BlackElo "2383"]
[PlyCount "66"]
[EventDate "2011.09.22"]

1. d4 Nf6 2. c4 g6 3. Nc3 d5 4. cxd5 Nxd5 5. e4 Nxc3 6. bxc3 Bg7 7. Nf3 c5 8.
Rb1 O-O 9. Be2 b6 10. O-O Bb7 11. Qc2 e6 12. dxc5 Qc7 13. cxb6 axb6 14. Be3 Nd7
15. Nd4 Nc5 16. Nb5 Qb8 17. f3 Be5 18. g3 Bxg3 19. hxg3 Qxg3+ 20. Kh1 Bxe4 21.
fxe4 Qh3+ 22. Kg1 Qxe3+ 23. Kh2 Nxe4 24. Rf3 Qh6+ 25. Kg2 Qg5+ 26. Kh2 Nd2 27.
Rg3 Qh6+ 28. Kg1 Nxb1 29. Qxb1 Qd2 30. Bc4 Qf4 31. Qd3 Rad8 32. Nd4 e5 33. Rf3
Qc1+ 0-1

[Event "Regional Sudeste 2011"]
[Site "Sao Paulo"]
[Date "2011.09.22"]
[Round "3.4"]
[White "Santos, Marcus Vinicius More"]
[Black "Gerbelli Neto, Eduardo"]
[Result "1/2-1/2"]
[WhiteElo "2341"]
[BlackElo "2175"]
[PlyCount "29"]
[EventDate "2011.09.22"]

1. d4 d5 2. c4 c6 3. Nc3 dxc4 4. a4 e5 5. dxe5 Qxd1+ 6. Nxd1 Bb4+ 7. Bd2 Na6 8.
e3 Be6 9. Rc1 Bxd2+ 10. Kxd2 O-O-O+ 11. Ke1 Nc5 12. Bxc4 Bxc4 13. Rxc4 Nd3+ 14.
Ke2 Nxe5 15. Rc2 1/2-1/2

[Event "Regional Sudeste 2011"]
[Site "Sao Paulo"]
[Date "2011.09.22"]
[Round "3.5"]
[White "Delai, Paula Fernanda"]
[Black "Santiago, Yago De Moura"]
[Result "0-1"]
[WhiteElo "2026"]
[BlackElo "2314"]
[PlyCount "64"]
[EventDate "2011.09.22"]

1. e4 c5 2. Nf3 d6 3. d4 cxd4 4. Nxd4 Nf6 5. Nc3 a6 6. h3 e6 7. g4 Nc6 8. Bg2
Qc7 9. Nde2 b5 10. Be3 Nd7 11. Ng3 Nce5 12. O-O Bb7 13. a3 Rc8 14. Qe2 Nc4 15.
Bc1 Be7 16. Nh5 g6 17. Nf4 Bf6 18. Nd1 O-O 19. Rb1 Rfe8 20. b3 Ncb6 21. Ne3 d5
22. e5 Bxe5 23. Nd3 Bg7 24. Bb2 Bxb2 25. Rxb2 d4 26. Bxb7 Qxb7 27. Ng2 e5 28.
Re1 e4 29. Ndf4 Ne5 30. Kh1 Nf3 31. Rd1 Qb8 32. h4 Nd5 0-1

[Event "Regional Sudeste 2011"]
[Site "Sao Paulo"]
[Date "2011.09.22"]
[Round "3.6"]
[White "Quintiliano Pinto, Renato R"]
[Black "Mendonca, Mateus Nakajo"]
[Result "0-1"]
[WhiteElo "2277"]
[BlackElo "2146"]
[PlyCount "44"]
[EventDate "2011.09.22"]

1. d4 Nf6 2. c4 g6 3. f3 d5 4. cxd5 Nxd5 5. e4 Nb6 6. Nc3 Bg7 7. Be3 O-O 8. Qd2
e5 9. d5 c6 10. O-O-O cxd5 11. exd5 Bd7 12. Kb1 Na6 13. h4 Rc8 14. Ne4 Nc4 15.
Bxc4 Rxc4 16. Ne2 Bf5 17. N2g3 Qd7 18. Bh6 Rd4 19. Qe3 Qxd5 20. Rc1 Nb4 21. b3
Bxe4+ 22. fxe4 Qa5 0-1

[Event "Regional Sudeste 2011"]
[Site "Sao Paulo"]
[Date "2011.09.22"]
[Round "3.7"]
[White "Goncalves, Ivan Mesquita V"]
[Black "Tsuboi, Edson Kenji"]
[Result "1/2-1/2"]
[WhiteElo "2052"]
[BlackElo "2350"]
[PlyCount "47"]
[EventDate "2011.09.22"]

1. d4 Nf6 2. c4 e6 3. Nc3 Bb4 4. Qc2 d5 5. cxd5 exd5 6. Bg5 c5 7. O-O-O Bxc3 8.
Qxc3 cxd4 9. Bxf6 dxc3 10. Bxd8 cxb2+ 11. Kxb2 Kxd8 12. Rxd5+ Ke7 13. e4 Be6
14. Rb5 b6 15. f4 a6 16. Rxb6 Nd7 17. Rb7 Rhb8 18. Rxb8 Rxb8+ 19. Kc2 Bxa2 20.
Bxa6 Bb1+ 21. Kd2 Nc5 22. Bc4 Rb2+ 23. Ke3 Rxg2 24. Bd5 1/2-1/2

[Event "Regional Sudeste 2011"]
[Site "Sao Paulo"]
[Date "2011.09.22"]
[Round "3.8"]
[White "Marra, Eduardo Da Costa"]
[Black "Sega, Carlos Alberto"]
[Result "0-1"]
[WhiteElo "2293"]
[BlackElo "2261"]
[PlyCount "98"]
[EventDate "2011.09.22"]

1. Nf3 Nf6 2. c4 c5 3. Nc3 e6 4. g3 b6 5. Bg2 Bb7 6. O-O Be7 7. b3 O-O 8. e3
Nc6 9. Bb2 Rc8 10. Qe2 d5 11. d3 Rc7 12. Nh4 Rd7 13. cxd5 exd5 14. Nf5 d4 15.
Nd1 Re8 16. Nxe7+ Rdxe7 17. Qd2 Ne5 18. Bxb7 Rxb7 19. f4 dxe3 20. Nxe3 Qxd3 21.
Rad1 Qxd2 22. Rxd2 Neg4 23. Nf5 h5 24. Rf3 g6 25. Nd6 Re1+ 26. Rf1 Rxf1+ 27.
Kxf1 Rd7 28. h3 Ne8 29. hxg4 Rxd6 30. Rh2 f6 31. gxh5 gxh5 32. Ke2 Ng7 33. Kf3
Kf7 34. g4 hxg4+ 35. Kxg4 Kg6 36. Re2 Rd3 37. f5+ Nxf5 38. Re6 Rd6 39. Re8 Rd2
40. Bc3 Rc2 41. Be1 Rxa2 42. Rg8+ Kf7 43. Rc8 Nd4 44. b4 Nc2 45. Bh4 cxb4 46.
Rc6 Ne3+ 47. Kf3 Nd5 48. Ke4 Ra5 49. Rd6 b3 0-1

[Event "Regional Sudeste 2011"]
[Site "Sao Paulo"]
[Date "2011.09.22"]
[Round "3.9"]
[White "Costa, Giovanni"]
[Black "Brito, Luismar"]
[Result "1/2-1/2"]
[WhiteElo "1898"]
[BlackElo "2278"]
[PlyCount "80"]
[EventDate "2011.09.22"]

1. d4 Nf6 2. Nf3 e6 3. Bg5 c5 4. e3 cxd4 5. exd4 Be7 6. Nbd2 O-O 7. Bd3 b6 8.
O-O Bb7 9. c3 d6 10. Bxf6 Bxf6 11. Be4 Qc7 12. Re1 Nc6 13. d5 Ne5 14. dxe6 fxe6
15. Bxb7 Qxb7 16. Nxe5 Bxe5 17. Nf3 Qf7 18. Qc2 Bf4 19. Rad1 d5 20. g3 Bxg3 21.
hxg3 Qxf3 22. Rxe6 Rae8 23. Rde1 Rxe6 24. Rxe6 Rf6 25. Rxf6 Qxf6 26. Qa4 Qe7
27. Qc6 Qd8 28. Qe6+ Kh8 29. Qf7 a5 30. Kg2 h6 31. Qf4 Qa8 32. Qd4 Qc6 33. Kf3
Qe6 34. Kf4 Kg8 35. Kf3 Kf7 36. Qf4+ Kg8 37. Qe3 Qc6 38. Qd4 Qe6 39. Kg2 Qe4+
40. Kh3 Qe6+ 1/2-1/2

[Event "Regional Sudeste 2011"]
[Site "Sao Paulo"]
[Date "2011.09.22"]
[Round "3.10"]
[White "Terao, Rodrigo Akira"]
[Black "Abdalla, Jose Lucas Aurelli"]
[Result "1-0"]
[WhiteElo "2358"]
[BlackElo "2014"]
[PlyCount "45"]
[EventDate "2011.09.22"]

1. e4 c5 2. c3 g6 3. d4 cxd4 4. cxd4 d5 5. e5 Nc6 6. Nc3 f6 7. f4 Bg7 8. h3 Nh6
9. g4 a6 10. Bg2 Be6 11. Nf3 b5 12. O-O Qb6 13. exf6 exf6 14. Re1 Kf7 15. f5
gxf5 16. Rxe6 Kxe6 17. Nxd5 Qa7 18. Qb3 Kd6 19. Bf4+ Ne5 20. Kh1 fxg4 21. Be3
Qf7 22. Ng5 Qg8 23. Qb4+ 1-0

[Event "Regional Sudeste 2011"]
[Site "Sao Paulo"]
[Date "2011.09.22"]
[Round "3.11"]
[White "Guimaraes, Artemis Pamela"]
[Black "Madeira, Wagner Martins"]
[Result "1-0"]
[WhiteElo "2016"]
[BlackElo "2241"]
[PlyCount "61"]
[EventDate "2011.09.22"]

1. e4 d6 2. d4 Nf6 3. Nc3 g6 4. Be3 Bg7 5. Qd2 c6 6. f3 b5 7. O-O-O b4 8. Nce2
a5 9. g4 Ba6 10. h4 h5 11. g5 Nfd7 12. f4 Nb6 13. Ng3 Bxf1 14. Rxf1 Nc4 15. Qd3
Nxe3 16. Qxe3 Qb6 17. N1e2 a4 18. f5 Nd7 19. fxg6 fxg6 20. e5 dxe5 21. Qe4 Nf8
22. dxe5 Ra5 23. e6 Be5 24. Rd1 Rg8 25. Rhf1 Nxe6 26. Qc4 c5 27. Ne4 Rf8 28.
Nd6+ Bxd6 29. Qxe6 Rxf1 30. Rxf1 Ra8 31. Qg8+ 1-0

[Event "Regional Sudeste 2011"]
[Site "Sao Paulo"]
[Date "2011.09.22"]
[Round "3.12"]
[White "Lebredo Zaragoitia, Gerardo"]
[Black "Dos Santos, Lucas Aparecido"]
[Result "1-0"]
[WhiteElo "2240"]
[BlackElo "1999"]
[PlyCount "53"]
[EventDate "2011.09.22"]

1. d4 Nf6 2. c4 g6 3. Nc3 Bg7 4. Nf3 O-O 5. Bg5 d6 6. e3 Nbd7 7. Be2 Re8 8. O-O
h6 9. Bh4 g5 10. Bg3 Nh5 11. Qc2 Nxg3 12. hxg3 e5 13. Rad1 exd4 14. Nxd4 Ne5
15. c5 Be6 16. cxd6 cxd6 17. Nxe6 fxe6 18. f4 Nc6 19. Qg6 Qb6 20. Bd3 Qxe3+ 21.
Kh2 g4 22. Rde1 Qd4 23. Qh7+ Kf8 24. f5 Ne5 25. fxe6+ Nf3+ 26. gxf3 Ke7 27. Re4
1-0

[Event "Regional Sudeste 2011"]
[Site "Sao Paulo"]
[Date "2011.09.22"]
[Round "3.13"]
[White "Sztokbant, Bernardo Vainzoff"]
[Black "Caldeira, Adriano"]
[Result "1-0"]
[WhiteElo "1979"]
[BlackElo "2239"]
[PlyCount "76"]
[EventDate "2011.09.22"]

1. e4 c5 2. Nf3 e6 3. d4 cxd4 4. Nxd4 Nf6 5. Nc3 d6 6. Be2 Be7 7. O-O a6 8. f4
O-O 9. Be3 Nc6 10. Kh1 Qc7 11. Qe1 Nxd4 12. Bxd4 b5 13. e5 Nd7 14. Bf3 Rb8 15.
exd6 Bxd6 16. g3 Bc5 17. Qe3 Bb7 18. Bxb7 Qxb7+ 19. Kg1 Rbc8 20. Rfd1 Bxd4 21.
Qxd4 Nf6 22. a3 Rc4 23. Qd3 Qb6+ 24. Kg2 Ng4 25. Rd2 Qc6+ 26. Qf3 Ne3+ 27. Kf2
Rxc3 28. bxc3 Qxc3 29. Qxe3 Qxa1 30. Rd3 Qh1 31. Rc3 Qxh2+ 32. Kf3 h5 33. Qd3
Qh1+ 34. Ke2 h4 35. gxh4 Qxh4 36. Kf3 Rd8 37. Qe3 Qh1+ 38. Kg3 Rd1 1-0

[Event "Regional Sudeste 2011"]
[Site "Sao Paulo"]
[Date "2011.09.22"]
[Round "3.14"]
[White "Borges, Guilherme Deola"]
[Black "Benitez, Ed Carlos Leite Luq"]
[Result "1-0"]
[WhiteElo "2176"]
[BlackElo "1974"]
[PlyCount "59"]
[EventDate "2011.09.22"]

1. Nf3 c5 2. c4 Nc6 3. Nc3 e5 4. d3 g6 5. g3 Bg7 6. Bg2 Nge7 7. O-O O-O 8. a3
d6 9. Rb1 a5 10. Ne1 f5 11. Nc2 f4 12. b4 axb4 13. axb4 g5 14. bxc5 dxc5 15.
Ne4 b6 16. Nxg5 h6 17. Nf3 Ra2 18. Rb3 Be6 19. Ba3 Bxc4 20. dxc4 Qxd1 21. Rxd1
Rxc2 22. Rxb6 Rxc4 23. Nd2 Rc3 24. Bb2 Rc2 25. Be4 Rxb2 26. Rxb2 Rd8 27. Rc1
Nd4 28. Nf3 Rc8 29. Nxd4 exd4 30. Rcc2 1-0

[Event "Regional Sudeste 2011"]
[Site "Sao Paulo"]
[Date "2011.09.22"]
[Round "3.15"]
[White "Branchini, Fernando Luis Sakam"]
[Black "Terao, Juliana Sayumi"]
[Result "1-0"]
[WhiteElo "1953"]
[BlackElo "2152"]
[PlyCount "61"]
[EventDate "2011.09.22"]

1. e4 c5 2. Nc3 e6 3. f4 a6 4. Nf3 Nc6 5. g3 d5 6. e5 g6 7. Bg2 Bg7 8. d3 Nge7
9. O-O O-O 10. Ne2 d4 11. g4 f6 12. exf6 Bxf6 13. Nd2 Nd5 14. Ne4 Be7 15. N2g3
Nf6 16. f5 Ne5 17. Bh6 Re8 18. Nxf6+ Bxf6 19. fxg6 Nxg6 20. Qf3 Ne5 21. Qxf6
Qxf6 22. Rxf6 Nxg4 23. Ne4 Rd8 24. Raf1 Nxf6 25. Nxf6+ Kh8 26. Rf3 Ra7 27. Nh5
b5 28. Bg5 Re8 29. Bf6+ Kg8 30. Rg3+ Kf8 31. Bc6 1-0